Présidents des Etats-Unis - Image - Statistiques

Statistiques générales
  • Ce quiz a été pris 16 fois
  • Le résultat moyen est 11 sur 16
Statistiques - réponses
Par images Réponse % Correct
Donald Trump
100%
Joe Biden
100%
Theodore Roosevelt
100%
Abraham Lincoln
94%
George W. Bush
94%
Ronald Reagan
94%
George Washington
88%
Richard Nixon
88%
Dwight Eisenhower
75%
Jimmy Carter
75%
Thomas Jefferson
44%
Lyndon Johnson
38%
Ulysses S. Grant
38%
Franklin D. Roosevelt
25%
Woodrow Wilson
25%
James Madison
0%
Aucun quiz correspondant
Distribution des résultats
% des personnes avec chaque résultat
Percentile par nombre de réponses
Votre historique - résultats
Vous n’avez pas pris ce quiz